| 000 | 00938 a2200253 4500 | ||
|---|---|---|---|
| 005 | 20080901161840.0 | ||
| 008 | 080901t xxu||||| |||| 00| 0 eng d | ||
| 010 | _aENG-87480 | ||
| 020 |
_a8183600166 _c150.00 |
||
| 035 | _aEN-71013 | ||
| 037 | _bD.B.Act / Pub | ||
| 082 | _a004 | ||
| 100 | _aChandwani, Manohar | ||
| 245 |
_aComputing & informatics _cby Manohar Chandwani, Abhay Jain and Narendra S. Chaudhari |
||
| 250 | _a2nd rev. ed. | ||
| 260 |
_aNew Delhi _bJain Brothers _c2007 (rpr) |
||
| 270 |
_a16/873, East Park Road, Karol Bagh _bNew Delhi _e110005 _k011-23618426, 011-23619023 _mjain_bros@hotmail.com |
||
| 300 |
_a312 p. _c24 cm. (Pbk) |
||
| 500 | _aIncludes index | ||
| 700 | _aJain, Abhay | ||
| 700 | _aChaudhari, Narendra S. | ||
| 942 |
_adpl _cEN _k004 / CHA _2ddc _h004 _mCHA |
||
| 999 |
_c6563 _d6563 |
||